| 000 | 00747nam a2200193 a 4500 | ||
|---|---|---|---|
| 999 |
_c4935 _d4935 |
||
| 020 | _a0070487723 | ||
| 050 | 0 | 0 |
_aBF713 _b.P35 |
| 100 | 1 | _aPapalia, Diane E. | |
| 245 | 1 | 0 |
_aHuman development _cDiane E. Papalia, Sally Wendkos Olds, Ruth Duskin Feldman. |
| 250 | _a7th ed. | ||
| 260 |
_aBoston, Mass. : _bMcGraw-Hill, _c1998. |
||
| 300 |
_axxx, 752 p. : _bill. (some col.) ; _c29 cm. |
||
| 505 | _aAbout human development -- Beginnings -- Early childhood -- Middle childhood -- Adolescence -- Young adulthood -- Middle adulthood -- Late adulthood and the end of life. | ||
| 650 | 0 | _aDevelopmental psychology. | |
| 650 | 0 | _aDevelopmental psychobiology. | |
| 700 | 1 | _aOlds, Sally Wendkos. | |
| 700 | 1 | _aFeldman, Ruth Duskin. | |
| 942 | _cBK | ||